Buteurs - Finale de la Ligue des Champions - Statistiques

Statistiques générales
  • Ce quiz a été pris 595 fois
  • Le résultat moyen est 43 sur 62
Statistiques - réponses
Année Equipe Adversaire Score Buteur Nationalité Minute % Correct
2008 Manchester United Chelsea FC 1-0 Cristiano Ronaldo Portugal 26'
99%
2014 Real Madrid Atletico Madrid 4-1 Cristiano Ronaldo Portugal 120'
99%
2017 Real Madrid Juventus Turin 1-0 Cristiano Ronaldo Portugal 20'
99%
2017 Real Madrid Juventus Turin 3-1 Cristiano Ronaldo Portugal 64'
99%
2009 FC Barcelone Manchester United 2-0 Lionel Messi Argentine 70'
97%
2011 FC Barcelone Manchester United 2-1 Lionel Messi Argentine 54'
97%
2014 Real Madrid Atletico Madrid 2-1 Gareth Bale Pays de Galles 110'
96%
2018 Real Madrid Liverpool FC 2-1 Gareth Bale Pays de Galles 64'
96%
2018 Real Madrid Liverpool FC 3-1 Gareth Bale Pays de Galles 83'
96%
2018 Real Madrid Liverpool FC 1-0 Karim Benzema France 51'
95%
2019 Liverpool FC Tottenham Hotspur 1-0 Mohamed Salah Egypte 2'
95%
2018 Real Madrid Liverpool FC 1-1 Sadio Mané Sénégal 55'
94%
2020 Bayern Münich Paris St-Germain 1-0 Kingsley Coman France 59'
93%
2015 FC Barcelone Juventus Turin 2-1 Luis Suarez Uruguay 68'
93%
2015 FC Barcelone Juventus Turin 3-1 Neymar Jr Brésil 97'
92%
2014 Real Madrid Atletico Madrid 1-1 Sergio Ramos Espagne 93'
90%
2016 Real Madrid Atletico Madrid 1-0 Sergio Ramos Espagne 15'
90%
2012 Chelsea FC Bayern Münich 1-1 Didier Drogba Côte d'Ivoire 88'
88%
2002 Real Madrid Bayer Leverkusen 2-1 Zinédine Zidane France 45'
88%
2021 Chelsea FC Manchester City 1-0 Kai Havertz Allemagne 42'
87%
2013 Bayern Münich Borussia Dortmund 1-0 Mario Mandzukic Croatie 60'
86%
2017 Real Madrid Juventus Turin 1-1 Mario Mandzukic Croatie 27'
86%
2006 FC Barcelone Arsenal FC 1-1 Samuel Eto'o Cameroun 76'
85%
2009 FC Barcelone Manchester United 1-0 Samuel Eto'o Cameroun 10'
85%
2013 Bayern Münich Borussia Dortmund 2-1 Arjen Robben Pays-Bas 89'
84%
2015 FC Barcelone Juventus Turin 1-0 Ivan Rakitic Croatie 4'
81%
2014 Real Madrid Atletico Madrid 3-1 Marcelo Brésil 118'
81%
2012 Chelsea FC Bayern Münich 0-1 Thomas Müller Allemagne 83'
80%
2017 Real Madrid Juventus Turin 2-1 Casemiro Brésil 61'
79%
2011 FC Barcelone Manchester United 1-1 Wayne Rooney Angleterre 34'
78%
2014 Real Madrid Atletico Madrid 0-1 Diego Godin Uruguay 36'
75%
2019 Liverpool FC Tottenham Hotspur 2-0 Divock Origi Belgique 87'
75%
2011 FC Barcelone Manchester United 3-1 David Villa Espagne 69'
74%
2000 Real Madrid Valence CF 3-0 Raul Espagne 75'
73%
2002 Real Madrid Bayer Leverkusen 1-0 Raul Espagne 8'
73%
2005 Liverpool FC AC Milan 1-3 Steven Gerrard Angleterre 54'
73%
2015 FC Barcelone Juventus Turin 1-1 Alvaro Morata Espagne 55'
70%
2016 Real Madrid Atletico Madrid 1-1 Yannick Carrasco Belgique 79'
70%
2010 Inter Milan Bayern Münich 1-0 Diego Milito Argentine 35'
67%
2010 Inter Milan Bayern Münich 2-0 Diego Milito Argentine 70'
67%
2017 Real Madrid Juventus Turin 4-1 Marco Asensio Espagne 90'
67%
2011 FC Barcelone Manchester United 1-0 Pedro Espagne 27'
67%
2007 AC Milan Liverpool FC 1-0 Filippo Inzaghi Italie 45'
65%
2007 AC Milan Liverpool FC 2-0 Filippo Inzaghi Italie 82'
65%
2008 Manchester United Chelsea FC 1-1 Frank Lampard Angleterre 45'
65%
2005 Liverpool FC AC Milan 3-3 Xabi Alonso Espagne 60'
59%
2005 Liverpool FC AC Milan 0-1 Paolo Maldini Italie 1'
58%
2005 Liverpool FC AC Milan 0-2 Hernan Crespo Argentine 38'
55%
2005 Liverpool FC AC Milan 0-3 Hernan Crespo Argentine 44'
55%
2004 FC Porto AS Monaco 2-0 Deco Portugal 71'
52%
2013 Bayern Münich Borussia Dortmund 1-1 Ilkay Gundogan Allemagne 68'
51%
2007 AC Milan Liverpool FC 2-1 Dirk Kuyt Pays-Bas 89'
41%
2006 FC Barcelone Arsenal FC 0-1 Sol Campbell Angleterre 37'
40%
2000 Real Madrid Valence CF 1-0 Fernando Morientes Espagne 39'
38%
2005 Liverpool FC AC Milan 2-3 Vladimir Smicer République Tchèque 56'
26%
2002 Real Madrid Bayer Leverkusen 1-1 Lucio Brésil 13'
23%
2006 FC Barcelone Arsenal FC 2-1 Juliano Belletti Brésil 81'
22%
2000 Real Madrid Valence CF 2-0 Steve McManaman Angleterre 67'
22%
2001 Bayern Münich Valence CF 0-1 Gaizka Mendieta Espagne 3'
15%
2004 FC Porto AS Monaco 1-0 Carlos Alberto Brésil 39'
10%
2001 Bayern Münich Valence CF 1-1 Stefan Effenberg Allemagne 50'
9%
2004 FC Porto AS Monaco 3-0 Dmitri Alenitchev Russie 75'
7%
Aucun quiz correspondant
Distribution des résultats
% des personnes avec chaque résultat
Percentile par nombre de réponses
Votre historique - résultats
Vous n’avez pas pris ce quiz